000
00244 a2200109 4500
001
61548
082
_a
005.2 SCH
090
_c
37078
_d
37078
100
_a
Schildt,Herbert
245
_a
The Complete Reference JAVA-2
260
_b
Bandon A Norden
942
_a
caenust
_k
005.2 SCH
999
_c
296621
_d
296621